Voľný pád eura alebo omyl pána Wima Duisenberga občania sú zneistení slabým výkonom meny, ktorá im mala priniesť mnoho pozitív
Oslabenie a pokračujúci pád eura. Príčiny jeho slabosti. Nedôvera investorov. Hospodársky rast v europriestore. Vzťah euro a dolára. Štrukturálne slabosti Európy a prudký rozmach hospodárstva USA.
Gespeichert in:
| 1. Verfasser: | |
|---|---|
| Format: | Buchkapitel |
| Sprache: | Slowakisch |
| Schlagworte: | |
| Tags: |
Keine Tags, Fügen Sie das erste Tag hinzu!
|
MARC
| LEADER | 00000naa a2200000 4500 | ||
|---|---|---|---|
| 001 | r035448 | ||
| 005 | 20230824101212.8 | ||
| 041 | 0 | |a slo | |
| 044 | |a SK | ||
| 245 | 1 | 0 | |a Voľný pád eura alebo omyl pána Wima Duisenberga |b občania sú zneistení slabým výkonom meny, ktorá im mala priniesť mnoho pozitív |c Ladislav Lukáč |
| 520 | |a Oslabenie a pokračujúci pád eura. Príčiny jeho slabosti. Nedôvera investorov. Hospodársky rast v europriestore. Vzťah euro a dolára. Štrukturálne slabosti Európy a prudký rozmach hospodárstva USA. | ||
| 610 | 2 | 0 | |a euro |
| 610 | 2 | 0 | |a únie menové |
| 610 | 2 | 0 | |a kurz výmenný |
| 610 | 2 | 0 | |a mena |
| 610 | 2 | 0 | |a Európa |
| 610 | 2 | 0 | |a rast hospodársky |
| 610 | 2 | 0 | |a rozmach |
| 610 | 2 | 0 | |a USA |
| 100 | 1 | |a Lukáč, Ladislav | |